Random Italian Numbers 1-100 - Statistics

General Stats
  • This quiz has been taken 1,343 times
  • The average score is 12 of 20
Answer Stats
# Numero % Correct
4 quattro
78%
9 nove
76%
2 due
75%
21 ventuno
74%
30 trenta
72%
24 ventiquattro
72%
40 quaranta
71%
3 tre
71%
34 trentaquattro
71%
1 uno
70%
28 ventotto
70%
5 cinque
69%
83 ottantatré
69%
32 trentadue
69%
82 ottantadue
68%
6 sei
68%
64 sessantaquattro
68%
72 settantadue
68%
35 trentacinque
68%
23 ventitré
68%
100 cento
67%
73 settantatré
67%
7 sette
67%
13 tredici
67%
37 trentasette
67%
11 undici
67%
96 novantasei
66%
20 venti
66%
55 cinquantacinque
65%
52 cinquantadue
65%
78 settantotto
65%
29 ventinove
65%
89 ottantanove
64%
84 ottantaquattro
64%
49 quarantanove
64%
68 sessantotto
64%
59 cinquantanove
63%
10 dieci
63%
8 otto
63%
67 sessantasette
63%
31 trentuno
63%
85 ottantacinque
62%
45 quarantacinque
62%
44 quarantaquattro
62%
38 trentotto
62%
25 venticinque
62%
22 ventidue
62%
57 cinquantasette
61%
12 dodici
61%
97 novantasette
61%
91 novantuno
61%
80 ottanta
61%
81 ottantuno
61%
42 quarantadue
61%
70 settanta
61%
79 settantanove
61%
27 ventisette
61%
94 novantaquattro
60%
98 novantotto
60%
86 ottantasei
60%
88 ottantotto
60%
43 quarantatré
60%
61 sessantuno
60%
74 settantaquattro
60%
17 diciassette
59%
76 settantasei
59%
92 novantadue
58%
99 novantanove
58%
69 sessantanove
58%
33 trentatré
58%
58 cinquantotto
57%
19 diciannove
57%
90 novanta
57%
95 novantacinque
57%
87 ottantasette
57%
47 quarantasette
57%
14 quattordici
57%
62 sessantadue
57%
77 settantasette
57%
26 ventisei
57%
71 settantuno
56%
15 quindici
55%
63 sessantatré
55%
93 novantatré
54%
48 quarantotto
54%
39 trentanove
54%
36 trentasei
54%
60 sessanta
53%
65 sessantacinque
53%
75 settantacinque
53%
56 cinquantasei
52%
18 diciotto
52%
46 quarantasei
52%
41 quarantuno
52%
66 sessantasei
52%
51 cinquantuno
51%
16 sedici
51%
53 cinquantatré
50%
54 cinquantaquattro
48%
50 cinquanta
47%
No matching quizzes found
Score Distribution
Percent of People with Each Score
Percentile by Number Answered
Your Score History
You have not taken this quiz